|
|
|
|
| LEADER |
00000nam0a2200000 4500 |
| 001 |
144335 |
| 005 |
20231031143619.0 |
| 010 |
|
|
|a 5280007188
|
| 020 |
|
|
|a RU
|b 89-35204
|
| 035 |
|
|
|a (RuTPU)RU\TPU\book\156421
|
| 090 |
|
|
|a 144335
|
| 100 |
|
|
|a 20081002d1989 m y0rusy5003 ca
|
| 101 |
1 |
|
|a rus
|c aze
|
| 102 |
|
|
|a RU
|
| 105 |
|
|
|a c z 001ab
|
| 200 |
1 |
|
|a "Плачущий смехач"
|e Жизнь и творчество М. А. Сабира
|f А. Ф. Мирахмедов
|g авториз. пер. с азерб. В. М. Богуславский
|
| 210 |
|
|
|a Москва
|c Художественная литература
|d 1989
|
| 215 |
|
|
|a 317,[2] с., [1] л. портр.
|d 21 см
|
| 320 |
|
|
|a Библиогр. в примеч.: с. 301-312
|
| 320 |
|
|
|a Указ. имен: с. 313-318
|
| 600 |
|
1 |
|a Сабир
|b Мирза Алекпер
|
| 610 |
1 |
|
|a Азербайджанская поэзия
|
| 610 |
1 |
|
|a азербайджанская литература
|
| 610 |
1 |
|
|a поэты
|
| 610 |
1 |
|
|a творчество
|
| 610 |
1 |
|
|a биографическая проза
|
| 675 |
|
|
|a 894.3
|z rus
|
| 700 |
|
1 |
|a Мирахмедов
|b А. Ф.
|g Азиз Фейзулла
|4 070
|
| 702 |
|
1 |
|a Богуславский
|b В. М.
|4 730
|
| 801 |
|
0 |
|a RU
|b RuMRKP
|c 19950417
|g psbo
|
| 801 |
|
1 |
|a RU
|b 63413507
|c 20081002
|g PSBO
|
| 801 |
|
2 |
|a RU
|b 63413507
|c 20081002
|g PSBO
|
| 942 |
|
|
|c BK
|